Officia propria sanctorum S. R. E. Summorum Pontificum et aliorum quae clero romano indulta sunt.

Detalles Bibliográficos
Formato: Libro
Lenguaje:Latin
Publicado: Mechliniae : H. Dessain, successor P. J. Hanicq, summi pontificis, S. Congregationis de Propaganda Fide et Archiep. Mechl. typographus, 1869.
Materias:
Colección:Banco de datos
Acervo:Centro de Espiritualidad El Carmen. Toluca. Biblioteca Rafael Checa Curi
Descripción Física:64 p. ; 15 cm.
Tema general:Liturgia
Notas:Portada tipográfica a dos tintas con escudo papal en grabado litográfico. Texto a dos tintas y a dos columnas con paginación en números arábigos, cornisas, titulillos y signaturas. Encuadernación en piel sobre cartón con cantos en dorado. Número de inventario: 1310 (1118-D)
LEADER 00903nam a22001690004500
035 |a 582 
041 0 |a lat 
245 1 0 |a Officia propria sanctorum S. R. E. Summorum Pontificum et aliorum quae clero romano indulta sunt.  
260 |a Mechliniae : H. Dessain, successor P. J. Hanicq, summi pontificis, S. Congregationis de Propaganda Fide et Archiep. Mechl. typographus, 1869. 
300 |a 64 p. ; 15 cm. 
500 |a Portada tipográfica a dos tintas con escudo papal en grabado litográfico. Texto a dos tintas y a dos columnas con paginación en números arábigos, cornisas, titulillos y signaturas. Encuadernación en piel sobre cartón con cantos en dorado. Número de inventario: 1310 (1118-D) 
501 |a 8 obras 
650 1 0 |a Liturgia 
949 |a Fondo Reservado: 1118-D 
942 |c TOLUCA 
943 |g Centro de Espiritualidad El Carmen. Toluca. Biblioteca Rafael Checa Curi 
999 |c 1080480  |d 1080480